No funciona la tele!

Saved in:
Bibliografiske detaljer
Hovedforfatter: McCoy, Glenn (autor)
Format: Bog
Sprog:spansk
Udgivet: Santiago Santillana 2016
Udgivelse:3a. ed
Serier:Santillana Infantil
Fag:
Tags: Tilføj Tag
Ingen Tags, Vær først til at tagge denne postø!

MARC

LEADER 00000cam a2200000 a 4500
001 UCD7688
003 CL-VaPUC
005 20250311123917.0
008 170331e20160700cl |||||||||||||||||spa|d
999 |c 367655  |d 367653 
020 |a 9789561526631 
040 |c Pontificia Universidad Católica de Valparaíso 
082 0 4 |a 823  |b MCC  |2 21 
100 |a McCoy, Glenn  |e autor  |9 591708 
245 1 0 |a No funciona la tele! 
250 |a 3a. ed 
260 |a Santiago  |b Santillana  |c 2016 
300 |a pág. irreg 
490 0 |a Santillana Infantil 
583 |a last modification  |c 20170331 00:58:00  |k Rodrigo Vera 
650 0 |a Literatura infantil inglesa  |9 307465  |x Cuentos 
942 |c BK  |2 ddc 
945 |d 20170331 00:58:00  |a arojas 
952 |0 0  |1 0  |3 erb  |4 0  |6 823_000000000000000_MCC_2016  |7 0  |8 A  |9 482666  |a BIBEDU  |b BIBEDU  |i 5370949  |l 2  |o 823 MCC 2016  |p 5370949  |r 2024-07-03  |s 2024-06-28  |w 2019-11-24  |y BK  |z Catalogado en:20170331  |k PAR 
952 |0 0  |1 0  |3 erb  |4 0  |6 823_000000000000000_MCC_2016  |7 0  |8 A  |9 482667  |a BIBEDU  |b BIBEDU  |i 5370957  |l 3  |m 1  |o 823 MCC 2016  |p 5370957  |r 2024-03-25  |s 2024-03-18  |w 2019-11-24  |y BK  |z Catalogado en:20170331  |k PAR